[Event "Challenge"]
[Site "http://www.queenalice.com/game.php?id=484253"]
[Date "2008.10.28"]
[Round "-"]
[White "BrianWall"]
[Black "Endgamer"]
[Result "1-0"]
[WhiteElo "1988"]
[BlackElo "1699"]

1. e4 c6 2. Nf3 d5 3. e5 Bg4 4. d4 e6 5. c3 Nd7 6. Nbd2 Be7 7. h3 Bh5 8. Bd3 Nh6
9. g4 Bg6 10. Qe2 Bxd3 11. Qxd3 c5 12. Nf1 cxd4 13. Bxh6 gxh6 14. Qxd4 Bc5 15.
Qf4 Qb6 16. Ne3 Qxb2 17. O-O Qxc3 18. Rac1 Qa3 19. Kg2 Qxa2 20. Qxh6 O-O-O 21.
Qf4 Rdf8 22. Ra1 Qe2 23. Nd4 Qd3 24. Rfd1 Qg6 25. Nxd5 Bxd4 26. Ne7+ 1-0

[Event "Challenge"]
[Site "http://www.queenalice.com/game.php?id=489341"]
[Date "2008.11.7"]
[Round "-"]
[White "BrianWall"]
[Black "JCOELHO"]
[Result "1-0"]
[WhiteElo "2030"]
[BlackElo "1853"]

1. e4 e5 2. d4 Nf6 3. dxe5 Nxe4 4. Bc4 Bc5 5. Bxf7+ Kxf7 6. Qd5+ Ke8 7. Qxe4 Nc6
8. Nc3 Nb4 9. Nf3 c6 10. O-O b6 11. Bg5 Be7 12. Bxe7 Qxe7 13. a3 Na6 14. Nd4 Nc5
15. Qe3 h5 16. Nf5 Qf7 17. Nd6+ Ke7 18. Nxf7 Kxf7 19. f4 h4 20. Ne4 Ba6 21. Nxc5
bxc5 22. Rfd1 Rab8 23. Rxd7+ Ke6 24. Qh3# 1-0

[Event "Challenge"]
[Site "http://www.queenalice.com/game.php?id=490112"]
[Date "2008.11.8"]
[Round "-"]
[White "bugeyewrx"]
[Black "BrianWall"]
[Result "0-1"]
[WhiteElo "1938"]
[BlackElo "1999"]

1. Nf3 g6 2. d4 Bg7 3. c4 c5 4. e3 Nh6 5. Nc3 O-O 6. Be2 d6 7. O-O Nc6 8. Bd2
Nf5 9. d5 Ne5 10. Nxe5 dxe5 11. e4 Nd4 12. Bg4 f5 13. exf5 gxf5 14. Bh3 f4 15.
Qh5 Rf6 16. Kh1 Rh6 17. Qg5 Bxh3 18. gxh3 Nf3 19. Qg4 Nxd2 20. Rg1 Qf8 21. Qe2
Rxh3 22. Qxd2 Qf5 23. Rg2 Qh5 24. Rag1 Kh8 25. f3 Qxf3 26. Qd1 Qxd1 27. Nxd1 Bf6
28. Nf2 Rh4 29. Ne4 f3 30. Rg4 Rxg4 31. Rxg4 b6 32. Rg3 Rf8 33. Rxf3 Bg7 34. Ra3
Rf4 35. Rxa7 Rxe4 36. Ra8+ Bf8 37. Rxf8+ Kg7 38. Rb8 Rxc4 39. Rxb6 Rc2 40. Rb7
Kf6 41. Rb6+ Kf5 42. a4 c4 43. a5 Ke4 44. a6 Kf3 45. h4 Kg3 46. Kg1 Rc1# 0-1

[Event "Challenge"]
[Site "http://www.queenalice.com/game.php?id=490353"]
[Date "2008.11.9"]
[Round "-"]
[White "BrianWall"]
[Black "marcet"]
[Result "1-0"]
[WhiteElo "1952"]
[BlackElo "1882"]

1. e4 e6 2. d4 d5 3. Nd2 Nf6 4. e5 Nfd7 5. f4 c5 6. c3 cxd4 7. cxd4 Bb4 8. Nf3
O-O 9. Kf2 Nc6 10. Bd3 f5 11. Nf1 Rf7 12. Be3 Nf8 13. h3 Ng6 14. Ng5 Rc7 15. Qh5
Nf8 16. g4 h6 17. Nf3 Bd7 18. gxf5 Be8 19. Qg4 Kh8 20. fxe6 g6 21. Rg1 Rg7 22.
f5 h5 23. Qg3 Rh7 24. Ng5 h4 25. Qf3 1-0

[Event "Challenge"]
[Site "http://www.queenalice.com/game.php?id=498040"]
[Date "2008.11.25"]
[Round "-"]
[White "Endgamer"]
[Black "BrianWall"]
[Result "0-1"]
[WhiteElo "1699"]
[BlackElo "2177"]

1. e4 e5 2. Nf3 Nc6 3. Bb5 Nf6 4. Nc3 Bd6 5. Bxc6 dxc6 6. O-O c5 7. Re1 c6 8. d3
h6 9. h3 g5 10. Nh2 Rg8 11. Ng4 Bxg4 12. hxg4 Qd7 13. Ne2 Qxg4 14. Ng3 Qxd1 15.
Rxd1 Kd7 16. Nf5 Rg6 17. Bd2 Ne8 18. g4 Ng7 19. f3 h5 20. Nxd6 Kxd6 21. Kg2 h4
22. Rh1 Ne6 23. Be3 f6 24. a4 Rgg8 25. Ra3 Nd4 26. Bxd4 cxd4 27. c3 dxc3 28.
bxc3 c5 29. a5 b5 30. Rb1 a6 31. Kh3 Kc6 32. Rbb3 Rgd8 33. c4 b4 34. Ra2 Rd4 35.
Rd2 Rad8 36. Rd1 Rxc4 37. dxc4 Rxd1 0-1

[Event "Challenge"]
[Site "http://www.queenalice.com/game.php?id=500020"]
[Date "2008.11.29"]
[Round "-"]
[White "BrianWall"]
[Black "bugeyewrx"]
[Result "1-0"]
[WhiteElo "2147"]
[BlackElo "2050"]

1. e4 c5 2. Nf3 a6 3. c3 e6 4. d4 d5 5. e5 Bd7 6. Nbd2 cxd4 7. Nxd4 Ne7 8. f4
Nbc6 9. N2f3 Nxd4 10. Nxd4 Nc6 11. Be3 Be7 12. Bd3 Qb6 13. Qd2 Nxd4 14. Bxd4 Bc5
15. Bxc5 Qxc5 16. Qf2 Qxf2+ 17. Kxf2 O-O 18. Ke3 f6 19. Rhf1 Rf7 20. Kd4 b6 21.
Rf3 a5 22. Rh3 h6 23. Bg6 fxe5+ 24. Kxe5 Rf6 25. Bd3 Rc8 26. Re3 Kf8 27. h4 Rc5
28. Kd6 Ke8 29. g3 Kd8 30. Ke5 d4+ 31. Kxd4 Rd5+ 32. Ke4 Bc6 33. c4 Rb5+ 34. Kd4
Rxb2 35. a3 Kc7 36. Rae1 Bd7 37. R1e2 Rb3 38. Be4 Rxe3 39. Rxe3 a4 40. Kc3 Rf8
41. Kb4 Rb8 42. Bd3 Kd6 43. Re5 Be8 44. Bc2 Ra8 45. Bd1 Bd7 46. Bf3 Rb8 47. Be2
Be8 48. Bd3 Bd7 49. Kc3 Rf8 50. Kd4 Rc8 51. Re1 Rb8 52. Rb1 Kc7 53. Rb4 Rd8 54.
Bc2 Ra8 55. c5 b5 56. Be4 Rd8 57. Ke3 Bc6 58. Bd3 Rb8 59. Be2 Kd7 60. Kd4 Ke7
61. Ke5 Rd8 62. Bxb5 Rd5+ 63. Ke4 Rxc5+ 64. Bxc6 Rxc6 65. Rxa4 h5 66. Kd3 Rc1
67. Ra5 g6 68. Rg5 Kf6 69. a4 Rc6 70. a5 Kf7 71. Kd4 Kf6 72. Rc5 1-0

[Event "Challenge"]
[Site "http://www.queenalice.com/game.php?id=502963"]
[Date "2008.12.4"]
[Round "-"]
[White "BrianWall"]
[Black "Catao"]
[Result "1-0"]
[WhiteElo "2081"]
[BlackElo "2088"]

1. e4 c5 2. Nf3 d6 3. d4 cxd4 4. Nxd4 Nf6 5. Nc3 Bd7 6. Bc4 a6 7. Bg5 e6 8. Qf3
Qc7 9. Bb3 Be7 10. O-O-O Nc6 11. Kb1 Na5 12. Qg3 Nxb3 13. cxb3 O-O 14. f4 Rfe8
15. Rhe1 b5 16. e5 dxe5 17. fxe5 Nd5 18. Ne4 Qd8 19. h4 Bxg5 20. hxg5 Kh8 21.
Rh1 h6 22. Nf6 Nxf6 23. gxf6 Kh7 24. Rxh6+ 1-0

[Event "Challenge"]
[Site "http://www.queenalice.com/game.php?id=505965"]
[Date "2008.12.11"]
[Round "-"]
[White "BrianWall"]
[Black "KLEOJ"]
[Result "1-0"]
[WhiteElo "2126"]
[BlackElo "2063"]

1. e4 c5 2. Nf3 e6 3. d4 cxd4 4. Nxd4 a6 5. Bd3 Nf6 6. O-O Qc7 7. c4 Nc6 8. Be3
Ne5 9. Nc3 Neg4 10. g3 Nxe3 11. fxe3 Bc5 12. a3 O-O 13. b4 Ba7 14. Rc1 Qe5 15.
Bb1 d5 16. cxd5 exd5 17. Rxf6 Qxf6 18. Nxd5 Qg5 19. Rc7 Be6 20. Nf4 Rac8 21.
Rxb7 Bxd4 22. exd4 Rc3 23. Kg2 Bg4 24. Qd2 Bf3+ 25. Kf2 Rb3 26. Qc2 Rxb1 27.
Qxb1 Bg4 28. Qc2 Qf6 29. h3 Qxd4+ 30. Kg2 Bd1 31. Qd3 Qb2+ 32. Kh1 Qc1 33. Kh2
Qb2+ 34. Ng2 Be2 35. Qe3 Bb5 36. Rc7 Qe5 37. Qf4 Qe6 38. Qf5 Qa2 39. Rc8 Be8 40.
Qa5 Qe6 41. Qf5 Qa2 42. Qe5 Qe6 43. Qxe6 fxe6 44. Nf4 Kf7 45. e5 Ke7 46. Rc7+
Bd7 47. Ra7 Rf5 48. Nd3 Rf3 49. Nc5 Rf2+ 50. Kg1 Rd2 51. Rxa6 Rd5 52. Ra7 h5 53.
Kf2 g5 54. Rxd7+ Rxd7 55. Nxd7 Kxd7 56. a4 Kc6 57. Ke3 Kd5 58. a5 Kc6 59. a6 1-0

[Event "Challenge"]
[Site "http://www.queenalice.com/game.php?id=516190"]
[Date "2009.1.2"]
[Round "-"]
[White "nightprawler"]
[Black "BrianWall"]
[Result "0-1"]
[WhiteElo "1950"]
[BlackElo "2110"]

1. e4 e5 2. Bc4 Nf6 3. Qf3 Bc5 4. Nh3 O-O 5. Be2 d5 6. d3 Bg4 7. Qg3 Bxe2 8.
Kxe2 dxe4 9. Rd1 Nc6 10. Nc3 Nd4+ 11. Kd2 exd3 12. Kxd3 Nf5+ 13. Kc4 Nxg3 14.
Rxd8 Raxd8 15. Kxc5 Nge4+ 16. Nxe4 Nxe4+ 17. Kb4 Rd1 18. a4 Rfd8 19. Bg5 R8d4+
20. Kb3 Rxa1 0-1

[Event "Challenge"]
[Site "http://www.queenalice.com/game.php?id=522205"]
[Date "2009.1.14"]
[Round "-"]
[White "Josecarlos"]
[Black "BrianWall"]
[Result "0-1"]
[WhiteElo "1983"]
[BlackElo "2165"]

1. d4 Nf6 2. c4 Nc6 3. e3 e5 4. d5 Ne7 5. d6 cxd6 6. Qxd6 Nc6 7. Qd1 d5 8. cxd5
Qxd5 9. Qxd5 Nxd5 10. Bb5 Nb4 11. Na3 Bf5 12. b3 O-O-O 13. Bb2 f6 14. Nf3 Nd3+
15. Bxd3 Bb4+ 16. Nd2 Rxd3 17. Nc4 b5 18. O-O bxc4 19. Nxc4 Rhd8 20. a3 Be7 21.
b4 Be6 22. Rac1 Bxc4 23. Rxc4 Kb7 24. h3 Rd1 25. f4 R8d2 26. Rxd1 Rxd1+ 27. Kh2
Rd3 28. Bc1 Bd6 29. b5 Na5 30. Rc2 Nb3 31. a4 Nxc1 32. Rxc1 exf4 33. e4 Rd4 34.
a5 Be5 35. Kg1 Rxe4 36. a6+ Kb6 37. Rb1 Rc4 0-1

[Event "Challenge"]
[Site "http://www.queenalice.com/game.php?id=532282"]
[Date "2009.1.30"]
[Round "-"]
[White "RafaelCabral"]
[Black "BrianWall"]
[Result "1/2-1/2"]
[WhiteElo "2143"]
[BlackElo "2198"]

1. e4 e5 2. Nf3 Nc6 3. Bc4 Nf6 4. Ng5 Nxe4 5. Nxf7 Qh4 6. O-O Nxf2 7. Rxf2 Bc5
8. Nxh8 Bxf2+ 9. Kf1 Bb6 10. Bf7+ Ke7 11. Qf3 Qxh2 12. c3 Qg1+ 13. Ke2 Qxc1 14.
Bb3 Nd8 15. Qg3 Ne6 16. Bxe6 Kxe6 17. Qh3+ Kd6 18. Qd3+ Ke6 19. Qh3+ Kd6 20.
Qd3+ Ke6 21. Qh3+ 1/2-1/2

[Event "Challenge"]
[Site "http://www.queenalice.com/game.php?id=532283"]
[Date "2009.1.30"]
[Round "-"]
[White "RafaelCabral"]
[Black "BrianWall"]
[Result "0-1"]
[WhiteElo "2190"]
[BlackElo "2177"]

1. e4 e5 2. Nf3 Nc6 3. Bc4 Nf6 4. Ng5 Nxe4 5. Qf3 Nxg5 6. Qg3 Ne6 7. d3 d5 8.
Bb5 Bd6 9. Nc3 O-O 10. Nxd5 Ncd4 11. Ba4 e4 12. Qe3 exd3 13. Qxd3 b5 14. Bb3 Bb7
15. Be3 c5 16. c4 Bxd5 17. cxd5 c4 18. Qe4 f5 19. Qb1 Bb4+ 20. Kf1 Qxd5 21. Bd1
f4 22. Bc1 f3 23. g3 Rae8 0-1

[Event "Challenge"]
[Site "http://www.queenalice.com/game.php?id=532284"]
[Date "2009.1.30"]
[Round "-"]
[White "RafaelCabral"]
[Black "BrianWall"]
[Result "1/2-1/2"]
[WhiteElo "2078"]
[BlackElo "2195"]

1. e4 e5 2. Nf3 Nc6 3. Bc4 Nf6 4. Ng5 Nxe4 5. Bxf7+ Ke7 6. d3 Nf6 7. Bb3 d5 8.
O-O h6 9. Nf3 Kf7 10. Re1 Bd6 11. Nc3 Be6 12. Qe2 Re8 13. Ba4 Bg4 14. h3 Nd4 15.
Bxe8+ Qxe8 16. Nxe5+ Bxe5 17. Qxe5 Nxc2 18. hxg4 Nxe1 19. Qxc7+ Qe7 20. Qxe7+
Kxe7 21. Bxh6 Nxd3 22. Bxg7 Nxg4 23. Nxd5+ Kd6 24. Rd1 Ngxf2 25. Rd2 Kxd5 26.
Rxf2 Nxf2 27. Kxf2 Ke4 28. Bc3 b5 29. a3 a5 30. Kg3 Rg8+ 31. Kh2 a4 32. Kh3 Rg6
33. Bb4 Kf5 34. Bc3 Rg4 35. Bb4 Rd4 36. Bc3 Rd3+ 37. Kh4 Rd1 38. Kg3 Kg5 39. Kf3
Rf1+ 40. Kg3 Kf5 41. Bb4 Rf4 42. Bc3 Rc4 43. Kf3 Rf4+ 44. Kg3 Rg4+ 45. Kf3 Rg6
46. Bb4 Rg5 47. Bc3 Rg8 48. Bb4 Rg6 49. Bc3 Rd6 50. Bb4 Rd3+ 51. Ke2 Rg3 52. Kf2
Kg4 53. Bc3 Rd3 54. Ke2 Rd8 55. Be1 Rd7 56. Ke3 Rd1 57. Kf2 Rc1 58. Bc3 Rc2+ 59.
Kf1 Kf4 60. Kg1 Ke3 61. Kh2 Kd3 62. Bf6 Rc6 63. Bg7 Rc7 64. Bf6 Rc6 65. Be5 Ke4
66. Bc3 Kf4 67. Bd2+ Kg4 68. Bc3 Rd6 69. Bb4 Rd3 70. Bc3 Re3 71. Bd2 Rb3 72. Bc3
b4 73. Bxb4 Rxb2 74. Bd6 Rxg2+ 75. Kxg2 Kf5 76. Kf3 Ke6 77. Bg3 Kd7 78. Ke4 Kc8
79. Kd5 Kb7 80. Kc5 Ka8 81. Kb6 1/2-1/2

[Event "Challenge"]
[Site "http://www.queenalice.com/game.php?id=550090"]
[Date "2009.3.4"]
[Round "-"]
[White "Gorgona"]
[Black "BrianWall"]
[Result "0-1"]
[WhiteElo "1784"]
[BlackElo "2190"]

1. e4 e5 2. f4 h5 3. d3 d6 4. Nf3 Nc6 5. Nc3 Bg4 6. h3 Bxf3 7. Qxf3 Nf6 8. f5
Be7 9. Bd2 Nd4 10. Qd1 c6 11. Ne2 Qb6 12. Bc3 O-O-O 13. Qd2 d5 14. O-O-O dxe4
15. Bxd4 exd4 0-1

[Event "Challenge"]
[Site "http://www.queenalice.com/game.php?id=550091"]
[Date "2009.3.4"]
[Round "-"]
[White "BrianWall"]
[Black "Gorgona"]
[Result "1-0"]
[WhiteElo "2190"]
[BlackElo "1784"]

1. e4 c5 2. Nf3 d6 3. d4 cxd4 4. Nxd4 Nf6 5. Nc3 a6 6. Bg5 e6 7. f4 Be7 8. Bc4
O-O 9. Qe2 h6 10. Bxf6 Bxf6 11. O-O-O e5 12. Nf5 Bxf5 13. exf5 exf4 14. Nd5 Be5
15. Qg4 Nc6 16. Nxf4 Bxf4+ 17. Qxf4 Ne5 18. Bd5 Rb8 19. h4 Kh8 20. g4 1-0

[Event "Challenge"]
[Site "http://www.queenalice.com/game.php?id=574431"]
[Date "2009.4.19"]
[Round "-"]
[White "BrianWall"]
[Black "Endgamer"]
[Result "0-1"]
[WhiteElo "2190"]
[BlackElo "1749"]

1. e4 c5 2. Nf3 d6 3. d4 cxd4 4. Nxd4 a6 5. c4 Nf6 6. Nc3 Nbd7 7. Be2 e6 8. Be3
Nc5 9. f3 Be7 10. O-O Bd7 11. b4 e5 12. Nf5 Ne6 13. Nxd6+ Bxd6 14. Qxd6 Bc6 15.
Qxe5 Qc7 16. Qxc7 Nxc7 17. Nd5 Nfxd5 18. exd5 Bd7 19. d6 Ne6 20. c5 O-O 21. f4
Rfe8 22. Bf3 Nd8 23. Kf2 Nc6 24. a3 Rab8 25. Rfb1 Bf5 26. Rb3 Be6 0-1

[Event "Challenge"]
[Site "http://www.queenalice.com/game.php?id=574684"]
[Date "2009.4.19"]
[Round "-"]
[White "waldi"]
[Black "BrianWall"]
[Result "0-1"]
[WhiteElo "1977"]
[BlackElo "2180"]

1. d4 g6 2. e4 Bg7 3. c4 Nc6 4. Nf3 e5 5. d5 Nd4 6. Nxd4 exd4 7. Nd2 c5 8. Bd3
d6 9. Qa4+ Bd7 10. Qb3 Rb8 11. O-O Ne7 12. f4 O-O 13. f5 gxf5 14. exf5 Be5 15.
Qd1 f6 16. Qg4+ Kh8 17. Rf3 Rg8 18. Qh4 Rg5 19. Rh3 Qg8 20. g3 Nxf5 21. Qe4 Bxg3
22. Nf1 Bf4+ 23. Kf2 Bxc1 24. Rxc1 Rg4 25. Qf3 Qg5 26. Bxf5 Rf4 27. Bxd7 Rxf3+
28. Rxf3 Qxc1 0-1

[Event "Challenge"]
[Site "http://www.queenalice.com/game.php?id=601322"]
[Date "2009.6.10"]
[Round "-"]
[White "boilermaker1234"]
[Black "BrianWall"]
[Result "1-0"]
[WhiteElo "2202"]
[BlackElo "2190"]

1. b4 e6 2. b5 c5 3. e4 d5 4. exd5 exd5 5. Nf3 Nf6 6. Bb2 Bd6 7. Qe2+ Be6 8. Ng5
Qd7 9. Bxf6 gxf6 10. Nxe6 fxe6 11. g3 O-O 12. Nc3 a6 13. Na4 Qf7 14. Nb6 Ra7 15.
Bh3 f5 16. O-O axb5 17. Qxb5 Nc6 18. c3 e5 19. d3 d4 20. Bg2 Kh8 21. Bxc6 bxc6
22. Qxc6 Qc7 23. Qxc7 Bxc7 24. Nd5 Bd6 25. a4 Rfa8 26. Nb6 Rb8 27. Nc4 Bc7 28.
cxd4 exd4 29. Rfe1 Ba5 30. Re5 Bc3 31. Ra2 f4 32. gxf4 Rb1+ 33. Kg2 Rd1 34. Rxc5
Rxd3 35. a5 Rd1 36. a6 Rb1 37. Ne5 Rb6 38. Rc6 Rb8 39. f5 Rf8 40. f6 d3 41. Rxc3
Rxf6 42. Rxd3 Rfxa6 43. Rxa6 Rxa6 44. h4 Kg7 45. Rf3 Ra5 46. Re3 Kf6 47. f4 Kf5
48. Kg3 Ra4 49. Rf3 Ra1 50. Nc4 Rg1+ 51. Kh2 Re1 52. Ne3+ Ke4 53. Rg3 Ra1 54.
Ng2 Ra2 55. h5 Rf2 56. Re3+ Kf5 57. Re7 h6 58. Kg3 Ra2 59. Ne3+ Kf6 60. Nd5+ Kf5
61. Re5# 1-0

[Event "Challenge"]
[Site "http://www.queenalice.com/game.php?id=638991"]
[Date "2009.8.19"]
[Round "-"]
[White "spacehead"]
[Black "BrianWall"]
[Result "0-1"]
[WhiteElo "1333"]
[BlackElo "2179"]

1. e4 e5 2. Nf3 Nc6 3. d3 g6 4. Be2 Bg7 5. c3 Nge7 6. Nbd2 O-O 7. O-O f5 8. exf5
gxf5 9. Qc2 d5 10. h3 Kh8 11. Nh2 Ng6 12. Ndf3 e4 13. Bg5 Qe8 14. dxe4 fxe4 15.
Nd2 Nce5 16. Nb3 Nf4 17. Rad1 c6 18. Qd2 Nxe2+ 19. Qxe2 Qg6 0-1

[Event "Challenge"]
[Site "http://www.queenalice.com/game.php?id=638992"]
[Date "2009.8.19"]
[Round "-"]
[White "BrianWall"]
[Black "spacehead"]
[Result "1-0"]
[WhiteElo "2178"]
[BlackElo "1333"]

1. e4 e5 2. d4 exd4 3. c3 dxc3 4. Bc4 cxb2 5. Bxb2 Nh6 6. Nd2 d6 7. Ngf3 Be6 8.
Bxe6 fxe6 9. Qb3 Qc8 10. Ng5 Ke7 11. f4 b6 12. O-O Nc6 13. f5 e5 14. Nc4 Nd8 15.
Nxe5 dxe5 16. Bxe5 Nhf7 17. f6+ 1-0